Normal view
MARC view
Entry Topical Term
001 - CONTROL NUMBER
- control field: 953
003 - CONTROL NUMBER IDENTIFIER
- control field: OSt
005 - DATE AND TIME OF LATEST TRANSACTION
- control field: 20230302111450.0
008 - FIXED-LENGTH DATA ELEMENTS
- fixed length control field: 230302|| aca||aabn | a|a d
040 ## - CATALOGING SOURCE
- Original cataloging agency: OSt
- Transcribing agency: OSt
150 ## - HEADING--TOPICAL TERM
- Topical term or geographic name entry element: Callithrix jacchus
- General subdivision: Anatomy
- Form subdivision: Atlases
670 ## - SOURCE DATA FOUND
- Source citation: Work cat.: (OSt)0: Atlas of the spinal cord of the rat, mouse, marmoset, rhesus, and human. /, 2013.
